000 00425nam a2200169Ia 4500
008 230711s9999||||xx |||||||||||||| ||und||
041 _aENG
082 _a658
_bOV-L
100 _aMichael R Overcash
245 0 _aLivestock waste management
250 _a1st Ed.
260 _c1983
_aNew Delhi
_bCRC Press Florida
300 _a445
650 _aUNIVESITY BUSNIESS SCHOOL
700 _aFrank James Humenik  
942 _cBK
999 _c2873
_d2873